000 00445nam a2200157 i 4500
001 34916
003 ES-MaACL
005 20230906155023.0
007 t|
008 030211s1971 sp ||||1| spa d
100 1 _aBotán Castillo, Fernando.
_930735
245 1 9 _aCrónica taurina gráfica 1971... /
_cFernando Botán Castillo.
260 _a[Madrid] :
_bAut.,
_c1971.
300 _a158 lám. ;
_c24 cm.
852 _aES-MaACL
_jC-44499
_bR.77199
999 _c34916
_d34916